Lanean...
Birds, beasts and fishes
| Formatua: | Printed Book |
|---|---|
| Hizkuntza: | English |
| Argitaratua: |
London :
OUP ,
c1962.
|
| LEADER | 00410nam a22001217a 4500 | ||
|---|---|---|---|
| 008 | 170109b xxu||||| |||| 00| 0 eng d | ||
| 082 | |a 821.08 MAN/B | ||
| 245 | |a Birds, beasts and fishes | ||
| 260 | |a London : |b OUP , |c c1962. | ||
| 300 | |b 248p. | ||
| 942 | |c BK | ||
| 999 | |c 195354 |d 195354 | ||
| 952 | |0 0 |1 0 |4 0 |6 821_080000000000000_MAN_B |7 0 |9 215834 |a ENG |b ENG |c ST1 |d 2017-01-09 |i 3972 |l 0 |o 821.08 MAN/B |p ENG3972 |r 2017-01-09 |w 2017-01-09 |y BK | ||